00509nam a22001937a 450000500170000001000110001702000100002803500110003803700160004904000120006508200160007710000220009324500670011526000420018227000330022430000250025765000190028265000140030120170124105937.0 a184734 c12.00 a993351 bCen Lib/Ret aDPLbEN a220.21bSTE aJ.Stevenson, D.D. aTranslation of the samhita of the sama veda /cby J. Stevenson aVaranasibIndological Book Housec00? aD 38/26 Hauz KatrabVaranasi axii,200p. c21cm(Hb) aHindu Religion aSama Veda